Paroles Une seule vie - Gérald De Palmas - Statistiques

Statistiques générales
  • Ce quiz a été pris 315 fois
  • Le résultat moyen est 117 sur 149
Statistiques - réponses
Réponse % Correct
se
99%
seule
99%
vie
99%
je
97%
le
97%
qu'une
97%
n'ai
96%
ma
94%
ce
91%
que
89%
il
88%
faut
87%
de
86%
remède
86%
trouver
86%
a
85%
la
82%
jour
81%
m'aide
80%
quelqu'un
80%
pensée
79%
chaque
78%
les
78%
m'obsède
78%
cette
76%
dans
75%
tout
74%
et
72%
c'est
70%
est
67%
faute
67%
sentir
66%
sûr
66%
ça
65%
coupable
65%
Marcher
64%
sable
64%
ne
62%
monde
61%
pas
61%
son
61%
hautes
59%
herbes
59%
comme
56%
avoir
55%
faire
55%
lit
55%
interdit
53%
m'est
53%
ronde
53%
dire
52%
envie
51%
juste
51%
nuit
51%
entrer
50%
rester
50%
savoir
49%
tant
48%
pis
47%
personne
44%
surtout
42%
vagues
40%
s'évade
39%
d'ici
36%
voilà
33%
qu'est
31%
devenue
29%
soucieux
24%
honnête
20%
inquiet
20%
Aucun quiz correspondant
Distribution des résultats
% des personnes avec chaque résultat
Percentile par nombre de réponses
Votre historique - résultats
Vous n’avez pas pris ce quiz